000
00317nam a2200133Ia 4500
008
210210b1932 xxu||||| |||| 00| 0 eng d
041
_a
eng
082
_a
822/1223
100
_a
TILMAN (H W)
245
_a
Ascent of nanda devi
260
_a
London
_b
Not Mentioned
_c
1932
690
_a
English Prose
906
_a
013405
999
_c
132273
_d
132273